000 01580cam a22004814i 4500
003 PE-LiUPU
005 20250731165643.0
008 150616s r 000 0 d
020 _a0802824102
035 _a(Sirsi) i9780802824103
040 _aPE-LiUPU
_bspa
_cPE-LiUPU
_erda
049 _aPRUA
082 0 4 _a225.4803
_bE96
_221
245 1 0 _aExegetical Dictionary of the New Testament :
_nVolume 2 εξ - οφωνιον /
_ceditado por Horst Robert Balz y Gerhard Schneider.
264 1 _aGrand Rapids, Michigan :
_bWilliam B. Eerdmans Publishing Co.,
_c1994.
300 _a555 páginas ;
_c26 centímetros.
336 _atext
_2rdacontent
337 _aunmediated
_2rdamedia
338 _avolume
_2rdacarrier
504 _aBibliografía al final de algunos artículos.
505 0 _aεξ - οφωνιον (Ex hasta Opsonion)
526 _aSEG44
526 _aSEG26
526 _aP151
526 _aP150
526 _aP149
526 _aP146
526 _aP145
526 _aP126
526 _aP125
526 _aP92
526 _aP75
526 _aP74
526 _aP27
526 _aP15
630 _aBiblia.
_vDiccionarios
_xGriego.
700 1 _aGerhard Schneider.
910 _ajck
942 _2ddc
_cBK
949 _aRC 225.3 B17 2
_wDEWEY
_c1
_i40648
_d2015-12-1
_lCCODEBUL1
_mBUL
_q7
_r0
_sY
_tBOOK
_u2015-6-16
_xTEOLOGIA
_zUNKNOWN
_0COMPRA
_o.CIRCNOTE. No olvidar cambiar la fecha de devolución!!!!!!!
_o.STAFF. Colección General
980 _81
_gALBERTO SANCHEZ Responsable de Automatización
999 _c58437
_d58437